Úspešné manažérske riadenie a súčasné trendy v manažérskom konaní: Uplatnenie novátorskej stratégie

Charakteristika novátorskej stratégie. Niektoré myšlienky a prístupy k uskutočňovaniu novátorskej stratégie podľa Davida Armara. Zmapovanie interných možností- Prepojenie centrály s pobočkou. Príprava a spracovanie presného plánu realizácie novátorskej stratégie. Zabezpečenie systematického kontroln...

Descrizione completa

Salvato in:
Dettagli Bibliografici
Autore principale: Bartl, Jaroslav
Natura: Capitolo di libro
Lingua:slovacco
Soggetti:
Tags: Aggiungi Tag
Nessun Tag, puoi essere il primo ad aggiungerne!!

MARC

LEADER 00000naa a2200000 4500
001 r043667
005 20230927065215.0
041 0 |a slo 
044 |a SK 
245 1 0 |a Úspešné manažérske riadenie a súčasné trendy v manažérskom konaní: Uplatnenie novátorskej stratégie  |c Jaroslav Bartl 
520 |a Charakteristika novátorskej stratégie. Niektoré myšlienky a prístupy k uskutočňovaniu novátorskej stratégie podľa Davida Armara. Zmapovanie interných možností- Prepojenie centrály s pobočkou. Príprava a spracovanie presného plánu realizácie novátorskej stratégie. Zabezpečenie systematického kontrolného procesu. 
610 2 0 |a riadenie vrcholové 
610 2 0 |a riadenie podnikové 
610 2 0 |a manažment 
610 2 0 |a manažment strategický 
610 2 0 |a stratégia inovačná 
610 2 0 |a stratégia podniková 
100 1 |a Bartl, Jaroslav